000 00289nam a2200133Ia 4500
008 220613s9999||||xx |||||||||||||| ||und||
100 _aW F Ganong
245 0 _aReview Of Medical Physiology
250 _a22ND
260 _bT M H
300 _a912
650 _aPhysiology
942 _cPREC
999 _c8191
_d8191